Análisis de clima organizacional de HANSAE internacional S.A
Presenta análisis de los componentes del clima organizacional de HANSAE internacional S.A.
| Main Authors: | , , |
|---|---|
| Other Authors: | |
| Format: | Tesis Section = Libro |
| Language: | Undetermined Spanish |
| Published: |
Managua
UNI
2012
|
| Subjects: |
| LEADER | 00974nam a2200265Ia 4500 | ||
|---|---|---|---|
| 008 | 240830s9999 xx 000 0 und d | ||
| 040 | |a BIBLIOTECA-RUPAP T.Mon 658.314 S689 | ||
| 041 | |a spa | ||
| 082 | |a T.Mon 658.314 S689 | ||
| 100 | 1 | |a Solórzano Solórzano, Guisell María | |
| 100 | 1 | |b Pérez Alvares, Richard Oswaldo | |
| 100 | 1 | |c Baca López, Germán Antonio | |
| 245 | 1 | 0 | |a Análisis de clima organizacional de HANSAE internacional S.A |
| 260 | |a Managua |b UNI |c 2012 | ||
| 300 | |a 49 p. :il. | ||
| 500 | |a Contiene: anexos e Incluye: CD. | ||
| 502 | |a Tesis (Ingeniero de Sistemas)- UNI, 2012. | ||
| 520 | 3 | |a Presenta análisis de los componentes del clima organizacional de HANSAE internacional S.A. | |
| 650 | 7 | |a CLIMA ORGANIZACIONAL | |
| 650 | 7 | |b MOTIVACION - AMBIENTE ORGANIZACIONAL | |
| 650 | 7 | |c COMUNICACIÓN - AMBIENTE ORGANIZACIONAL | |
| 700 | 1 | |a Tutor: |b Zúñiga Morales, Gonzalo de Jesús | |
| 942 | |c BK |2 ddc | ||
| 991 | |a TESIS | ||
| 999 | |c 18538 | ||